Guerrilla : A novel

Uloženo v:
Podrobná bibliografie
Hlavní autor: Dunsany, Lord
Médium: Kniha
Jazyk:Undetermined
Vydáno: New York The Bobbs- Merrill Company 1944
Témata:
Tagy: Přidat tag
Žádné tagy, Buďte první, kdo otaguje tento záznam!
Thư viện lưu trữ: Trung tâm Học liệu Trường Đại học Cần Thơ
LEADER 00480nam a2200193Ia 4500
001 CTU_86604
008 210402s9999 xx 000 0 und d
082 |a 823 
082 |b D926 
100 |a Dunsany, Lord 
245 0 |a Guerrilla : 
245 2 |b A novel 
245 0 |c Lord Dunsany 
260 |a New York 
260 |b The Bobbs- Merrill Company 
260 |c 1944 
650 |a English fiction 
904 |i Trúc 
980 |a Trung tâm Học liệu Trường Đại học Cần Thơ